MARC details
| 000 -LEADER |
| campo de control de longitud fija |
02324cam a2200445 a 4500 |
| 001 - NÚMERO DE CONTROL |
| campo de control |
110660 |
| 005 - FECHA Y HORA DE LA ÚLTIMA TRANSACCIÓN |
| campo de control |
20230410103940.0 |
| 008 - DATOS DE LONGITUD FIJA--INFORMACIÓN GENERAL |
| campo de control de longitud fija |
100609s2011 nyuab b 001 0 eng |
| 035 ## - NÚMERO DE CONTROL DEL SISTEMA |
| Número de control de sistema |
16274565 |
| 010 ## - NÚMERO DE CONTROL DE LA BIBLIOTECA DEL CONGRESO |
| Número de control de LC |
2010023220 |
| 020 ## - NÚMERO INTERNACIONAL ESTÁNDAR DEL LIBRO |
| Número Internacional Estándar del Libro |
9780230100220 |
| 020 ## - NÚMERO INTERNACIONAL ESTÁNDAR DEL LIBRO |
| Número Internacional Estándar del Libro |
0230100228 |
| 035 ## - NÚMERO DE CONTROL DEL SISTEMA |
| Número de control de sistema |
(OCoLC)ocn642351552 |
| 040 ## - FUENTE DE CATALOGACIÓN |
| Centro catalogador/agencia de origen |
DLC |
| Centro/agencia transcriptor |
DLC |
| Centro/agencia modificador |
YDX |
| -- |
YDXCP |
| -- |
JRS |
| -- |
ORX |
| -- |
BWX |
| -- |
VP@ |
| -- |
CDX |
| -- |
DLC |
| 042 ## - CÓDIGO DE AUTENTICACIÓN |
| Código de autenticación |
pcc |
| 043 ## - CÓDIGO DE ÁREA GEOGRÁFICA |
| Código de área geográfica |
f-sj--- |
| 050 14 - SIGNATURA TOPOGRÁFICA DE LA BIBLIOTECA DEL CONGRESO |
| Número de clasificación |
546 DT 159.6 |
| Número de ítem |
H217f 2011 |
| 082 00 - NÚMERO DE LA CLASIFICACIÓN DECIMAL DEWEY |
| Número de clasificación |
962.404 |
| 082 00 - NÚMERO DE LA CLASIFICACIÓN DECIMAL DEWEY |
| Número de clasificación |
962.7043 |
| 100 1# - ENTRADA PRINCIPAL--NOMBRE DE PERSONA |
| Nombre de persona |
Hamilton, Rebecca, |
| Fechas asociadas al nombre |
1977- |
| 245 10 - MENCIÓN DEL TÍTULO |
| Título |
Fighting for Darfur : |
| Resto del título |
public action and the struggle to stop genocide / |
| Mención de responsabilidad, etc. |
Rebecca Hamilton ; preface by Mia Farrow. |
| 260 ## - PUBLICACIÓN, DISTRIBUCIÓN, ETC. |
| Lugar de publicación, distribución, etc. |
New York : |
| Nombre del editor, distribuidor, etc. |
Palgrave Macmillan, |
| Fecha de publicación, distribución, etc. |
2011. |
| 300 ## - DESCRIPCIÓN FÍSICA |
| Extensión |
xx, 250 p. : |
| Otras características físicas |
ill., map ; |
| Dimensiones |
25 cm. |
| 504 ## - NOTA DE BIBLIOGRAFÍA, ETC. |
| Nota de bibliografía, etc. |
Includes bibliographical references and index. |
| 505 0# - NOTA DE CONTENIDO CON FORMATO |
| Nota de contenido con formato |
Preface -- Before the outcry -- An ungovernable land -- The stage is set for genocide -- Darfur attracts attention -- Building the outcry Rwanda never had -- Citizens heed the call -- Who will deliver justice? -- Who will provide protection? -- Who will push for peace? -- Limitations of the "Rwanda" model -- Revisiting assumptions -- Searching for a new way forward -- Moving China -- The ICC in action -- Darfur and beyond -- While we were watching Darfur -- Elections and expectations -- Conclusions |
| 651 #0 - PUNTO DE ACCESO ADICIONAL DE MATERIA--NOMBRE GEOGRÁFICO |
| Nombre geográfico |
Sudan |
| Subdivisión general |
History |
| Subdivisión cronológica |
Darfur Conflict, 2003- |
| Subdivisión general |
Moral and ethical aspects. |
| 651 #0 - PUNTO DE ACCESO ADICIONAL DE MATERIA--NOMBRE GEOGRÁFICO |
| Nombre geográfico |
Sudan |
| Subdivisión general |
History |
| Subdivisión cronológica |
Darfur Conflict, 2003- |
| Subdivisión general |
Civilian relief. |
| 650 #0 - PUNTO DE ACCESO ADICIONAL DE MATERIA--TÉRMINO DE MATERIA |
| Término de materia o nombre geográfico como elemento de entrada |
Genocide |
| Subdivisión geográfica |
Sudan |
| -- |
Darfur |
| Subdivisión general |
Prevention |
| -- |
International cooperation. |
| 650 #0 - PUNTO DE ACCESO ADICIONAL DE MATERIA--TÉRMINO DE MATERIA |
| Término de materia o nombre geográfico como elemento de entrada |
Humanitarian intervention |
| Subdivisión geográfica |
Sudan |
| -- |
Darfur. |
| 650 #0 - PUNTO DE ACCESO ADICIONAL DE MATERIA--TÉRMINO DE MATERIA |
| Término de materia o nombre geográfico como elemento de entrada |
Humanitarian assistance |
| Subdivisión geográfica |
Sudan |
| -- |
Darfur. |
| 650 #4 - PUNTO DE ACCESO ADICIONAL DE MATERIA--TÉRMINO DE MATERIA |
| Término de materia o nombre geográfico como elemento de entrada |
Genocidio |
| Subdivisión geográfica |
Sudán |
| -- |
Prevención |
| Subdivisión general |
Cooperación Internacional. |
| 650 #4 - PUNTO DE ACCESO ADICIONAL DE MATERIA--TÉRMINO DE MATERIA |
| Término de materia o nombre geográfico como elemento de entrada |
La intervanción humanitaria |
| Subdivisión geográfica |
Sudán |
| -- |
Darfur. |
| 650 #4 - PUNTO DE ACCESO ADICIONAL DE MATERIA--TÉRMINO DE MATERIA |
| Término de materia o nombre geográfico como elemento de entrada |
Asistencia humanitaria |
| Subdivisión geográfica |
Sudán |
| -- |
Darfur. |
| 651 #0 - PUNTO DE ACCESO ADICIONAL DE MATERIA--NOMBRE GEOGRÁFICO |
| Nombre geográfico |
Darfur (Sudan) |
| Subdivisión general |
Foreign public opinion. |
| 856 42 - LOCALIZACIÓN Y ACCESO ELECTRÓNICOS |
| Materiales especificados |
Contributor biographical information |
| Identificador Uniforme de Recursos |
<a href="http://www.loc.gov/catdir/enhancements/fy1112/2010023220-b.html">http://www.loc.gov/catdir/enhancements/fy1112/2010023220-b.html</a> |
| 856 42 - LOCALIZACIÓN Y ACCESO ELECTRÓNICOS |
| Materiales especificados |
Publisher description |
| Identificador Uniforme de Recursos |
<a href="http://www.loc.gov/catdir/enhancements/fy1112/2010023220-d.html">http://www.loc.gov/catdir/enhancements/fy1112/2010023220-d.html</a> |
| 856 41 - LOCALIZACIÓN Y ACCESO ELECTRÓNICOS |
| Materiales especificados |
Sample text |
| Identificador Uniforme de Recursos |
<a href="http://www.loc.gov/catdir/enhancements/fy1112/2010023220-s.html">http://www.loc.gov/catdir/enhancements/fy1112/2010023220-s.html</a> |
| 942 ## - ELEMENTOS DE ENTRADA SECUNDARIOS (KOHA) |
| Fuente del sistema de clasificación o colocación |
Clasificación de Library of Congress |
| Tipo de ítem Koha |
|
| 946 ## - PROCESAMIENTO DE INFORMACIÓN LOCAL (OCLC) |
| a |
YSL |